00754cam a2200205 a 4500999001700000008004100017010001700058020001500075050002000090100002300110245006100133250001200194260004000206300005300246504005100299650002300350700002300373942003200396952012000428 c17970d17970020820s2003 maua bs 001 0 eng  a 2001133260 a061821417800aHG179 .G33 20031 aGarman, E. Thomas.10aPersonal finance /cE. Thomas Garman, Raymond E. Forgue. a7th ed. aBoston :bHoughton Mifflin,cc2003. axxxii, 566, [38] p. :bill. (some col) ;c26 cm. aIncludes bibliographical references and index. 0aFinance, Personal.1 aForgue, Raymond E. 2lcccBOOKShHG179 .G33 2003 00102lcc4070aMUCbMUCcGENd2016-11-30eDonation(BFA)l0oHG179 .G33 2003p28993r2019-06-04w2016-11-30yBOOKS